Miesto kde vzniká biznis

Posun obchodu do online sveta zatiaľ pozíciu kontraktačných veľtrhov zvlášť neohrozil. Technológie skôr vytvorili nové spôsoby podpory predaja a reputácie značky. Priemyselné nákupy už nie sú iba výber strojov. Obchod sa presúva do podoby a predaj do podoby konzultačných služieb.

Na minha lista:
Detalhes bibliográficos
Autor principal: Janková, Nikoleta
Formato: Capítulo de Livro
Idioma:eslovaco
Assuntos:
Tags: Adicionar Tag
Sem tags, seja o primeiro a adicionar uma tag!

MARC

LEADER 00000naa a2200000 4500
001 0241988
005 20180413085818.7
041 0 |a slo 
044 |a SK 
245 1 0 |a Miesto kde vzniká biznis  |c Nikoleta Janková 
520 |a Posun obchodu do online sveta zatiaľ pozíciu kontraktačných veľtrhov zvlášť neohrozil. Technológie skôr vytvorili nové spôsoby podpory predaja a reputácie značky. Priemyselné nákupy už nie sú iba výber strojov. Obchod sa presúva do podoby a predaj do podoby konzultačných služieb. 
610 2 0 |a podnikanie 
610 2 0 |a služby konzultačné 
610 2 0 |a služby obchodné 
610 2 0 |a veľtrhy 
610 2 0 |a obchod elektronický 
610 2 0 |a predaj 
610 2 0 |a výrobky priemyselné 
610 2 0 |a kontraktácia 
100 1 |a Janková, Nikoleta